LEADER 00820nam0-22002771i-450 001 990004379070403321 005 20190208134552.0 010 $a3-446-20096-7 035 $a000437907 100 $a20030203d2001----km-y0itay50------ba 101 0 $ager 102 $aDE 105 $ay-------001yy 200 1 $a<>tintenblauen Eidgenossen$eÜber die literarische und politische Schweiz$fPeter von Matt 210 $aMünchen$cHanser$dc2001 215 $a319 p.$d23 cm 610 0 $aLetteratura svizzera in lingua tedesca 676 $a830.99494$v22 700 1$aMatt,$bPeter von$f<1937- >$0292846 801 0$aIT$bUNINA$gRICA$2UNIMARC 901 $aBK 912 $a990004379070403321 952 $a830.994 MAT 1$bBibl.44851$fFLFBC 959 $aFLFBC 996 $aTintenblauen Eidgenossen$91543845 997 $aUNINA LEADER 01669oam 2200397 a 450 001 9910698867203321 005 20090512144846.0 035 $a(CKB)5470000002397192 035 $a(OCoLC)320841855 035 $a(EXLCZ)995470000002397192 100 $a20090512d2009 ua 0 101 0 $aeng 135 $aurcn||||a|||| 181 $ctxt$2rdacontent 182 $cc$2rdamedia 183 $acr$2rdacarrier 200 00$aGuidance for industry$b[electronic resource] $eQ4B evaluation and recommendation of pharmacopoeial texts for use in the ICH region$hAnnex 2$iTest for extractable volume of parenteral preparations general chapter 210 1$aRockville, MD :$cU.S. Dept. of Health and Human Services, Food and Drug Administration, Center for Drug Evaluation and Research :$cCenter for Biologics Evaluation and Research,$d[2009] 215 $ai, 3 pages $cdigital, PDF file 300 $aTitle from title screen (viewed on May 12, 2009). 300 $a"January 2009." 320 $aIncludes bibliographical references (page 3). 517 $aGuidance for industry 606 $aPharmacopoeias$xStandards$xInternational cooperation 606 $aParenteral solutions$xStandards$xInternational cooperation 615 0$aPharmacopoeias$xStandards$xInternational cooperation. 615 0$aParenteral solutions$xStandards$xInternational cooperation. 712 02$aCenter for Drug Evaluation and Research (U.S.) 712 02$aCenter for Biologics Evaluation and Research (U.S.) 801 0$bGPO 801 1$bGPO 801 2$bGPO 906 $aBOOK 912 $a9910698867203321 996 $aGuidance for industry$93434577 997 $aUNINA